Planning (Record no. 118659)

MARC details
000 -LEADER
fixed length control field 00577cas a22002295a 4500
001 - CONTROL NUMBER
control field ##L99109
008 - FIXED-LENGTH DATA ELEMENTS--GENERAL INFORMATION
fixed length control field 070614c1997 xxkwr p 0 a0eng
022 1# - INTERNATIONAL STANDARD SERIAL NUMBER
International Standard Serial Number 1467-2073
035 ## - SYSTEM CONTROL NUMBER
System control number (Sirsi) u99109
041 0# - LANGUAGE CODE
Language code of text/sound track or separate title eng
110 2# - MAIN ENTRY--CORPORATE NAME
Corporate name or jurisdiction name as entry element Royal Town Planning Institute
9 (RLIN) 1206
240 00 - UNIFORM TITLE
Uniform title Planning
245 00 - TITLE STATEMENT
Title Planning
260 ## - PUBLICATION, DISTRIBUTION, ETC.
Place of publication, distribution, etc. Teddington
Name of publisher, distributor, etc. Haymarket
Date of publication, distribution, etc. 1997-
362 0# - DATES OF PUBLICATION AND/OR SEQUENTIAL DESIGNATION
Dates of publication and/or sequential designation January 1997-
520 ## - SUMMARY, ETC.
Summary, etc. Kept for one year
651 #4 - SUBJECT ADDED ENTRY--GEOGRAPHIC NAME
Geographic name United Kingdom
690 ## - LOCAL SUBJECT ADDED ENTRY--TOPICAL TERM (OCLC, RLIN)
Topical term or geographic name as entry element Planning and development
9 (RLIN) 6259
780 00 - PRECEDING ENTRY
Title Planning Week
942 ## - ADDED ENTRY ELEMENTS (KOHA)
Suppress in OPAC 0
Source of classification or shelving scheme Dewey Decimal Classification
948 ## - LOCAL PROCESSING INFORMATION (OCLC); SERIES PART DESIGNATOR (RLIN)
c (OCLC) 16/02/1994
Holdings
Withdrawn status Lost status Source of classification or shelving scheme Damaged status Not for loan Home library Current library Shelving location Date acquired Total Checkouts Full call number Barcode Date last seen Price effective from Koha item type
    Other/Generic Classification Scheme     London London Gallery 18/05/2005   PLANNING 99109-1001 06/08/2019 06/08/2019 Journal